000 00561nam a2200205Ia 4500
005 20250508165421.0
008 008 250505s9999 xx 000 0 eng d
020 _a978-0-349-11254-1
037 _aTextual
040 _aFEDL
_beng
_cFEDL
041 _aeng
_2eng
084 _a291.1, TAG
_qFEDL
100 _aTagore Rabindranath
245 0 _aReligion of man
260 _aNew Delhi, India
_bRupa Publications India Pvt. Ltd.
_c2005
300 _aix, 224p.
365 _aINR
_b95
942 _cTEXL
_h291.1, TAG
999 _c1395000
_d1395000